000
00326nam a2200133Ia 4500
008
190722s9999 xx 000 0 und d
020
_a
13:978-0-7167-7601-7
100
_a
lodish Berk Kaiser
245
0
_a
Molecular Cell Biology
250
_a
6th
260
_a
New York
_b
W.H.Freeman
_c
2008
300
_a
1149
942
_c
BK
999
_c
1212
_d
1212